000 00787nam a22002777a 4500
001 BR7702788
003 BR-BrBNA
005 20230928085302.0
007 ta
008 230509b bl.||||| |||| 00| 0 por d
040 _aBR-BrBNA
_bpor
_cBiblioteca Nacional de Agricultura
041 _a(Por)
072 _aF00
_b3575
090 _ 3575 BR7702788
100 1 _aPinheiro, A.H.
110 1 _aEscola Superior de Agricultura de Lavras, MG (Brasil)
245 1 _aBeneficiamento de sementes
_bConvenio MA/DISEM/ESAL - 1. Curso em tecnologia de sementes
260 3 _aLavras, MG (Brasil):
_c1977.
300 _a42 p.
500 _a15 illus.
650 _aProducao vegetal
650 _aSemente
650 _aBeneficiamento
909 _a202309
_bLucia
_c55
_dLucia Elande
942 _cBK
999 _c23668
_d23668